| 000 | 01598cam a2200337 a 4500 | ||
|---|---|---|---|
| 001 | 494 | ||
| 003 | FISKH | ||
| 005 | 20250605085807.0 | ||
| 008 | 080229s2009 nyua b 000 1 eng | ||
| 010 | _a 2008008695 | ||
| 020 | _a9780803725133 | ||
| 040 |
_aDLC _cDLC _dDLC _dFISKH _beng |
||
| 042 | _alcac | ||
| 050 | 0 | 0 |
_aPZ7.L5629 _bHu 2009 |
| 082 | 0 | 0 |
_a507 _222 |
| 100 | 1 | _aLester, Julius. | |
| 245 | 1 | 4 |
_aThe hungry ghosts / _cJulius Lester ; pictures by Geraldo Valério. |
| 260 |
_aNew York : _bDial Books for Young Readers, _c2009. |
||
| 300 |
_a19 leaves of plates : _bcolor illustrations : _c29 cm. |
||
| 505 | _aF | ||
| 520 | _aFront Cover Julius Lester Dial Books for Young Readers, 2009 - 40 pages 1 Review There are ghosts in the cemetery near Malcolm David's house, and they're filling the air with their spooky OOOOOs and EEEEEs and ARRRRs. When Malcolm David dares to go looking for them late one night, he is surprised to discover that the eerie howling is actually coming from the ghosts? empty stomachs. They're not trying to scare anybody? they're just hungry, and they don't know what it is that ghosts are supposed to eat! | ||
| 521 | 8 |
_a400
_bLexile |
|
| 521 | 8 |
_aF
_bRaz-Plus |
|
| 650 | 1 |
_aGhosts _vFiction. |
|
| 650 | 1 |
_aNight _vFiction. |
|
| 700 | 1 |
_aValério, Geraldo, _d1970- _eill. |
|
| 856 | 4 | 2 |
_3Publisher description _uhttp://www.loc.gov/catdir/enhancements/fy0906/2008008695-d.html |
| 906 |
_a7 _bcbc _corignew _d1 _eecip _f20 _gy-gencatlg |
||
| 942 |
_2ddc _cBK _n0 |
||
| 999 |
_c494 _d494 |
||